000 00762nam a22002297a 4500
005 20100807143524.0
010 _aENG-98797
020 _a978190720199
_c65.00
035 _aEN-82329
037 _bDBAD/PUB
082 _a005.74
100 _aSundarraj, P. Daniel
_99167
245 _aDBMS :
_cby P. Daniel Sundarraj
_ba practical approach /
260 _aVellor
_bANBU Nilayam
_c2008
270 _a11,Punniyakotti Nagar,Salavanpet
_bVellor
_e632001
300 v _a110p.
_c23cm (pbk)
650 _aRelational Database
_99168
700 _98297
700 _98298
942 _2ddc
_cEN
_h005.74
_mSUN
999 _c40097
_d40097